000 nam a22 7a 4500
999 _c55827
_d55827
003 OSt
005 20221008141546.0
008 221008b xxu||||| |||| 00| 0 eng d
040 _cIIMT COLLEGE OF MANAGEMENT,NOIDA
100 _aMehrotra,H.C.
245 _aIncome Tax Law & Accounts
260 _aAgra
_bSahitya Bhawan
_c2022-23
300 _a689
942 _2ddc
_c02
_e63rd